<?xml version="1.0" encoding="UTF-8"?>
<record
    xmlns:xsi="http://www.w3.org/2001/XMLSchema-instance"
    xsi:schemaLocation="http://www.loc.gov/MARC21/slim http://www.loc.gov/standards/marcxml/schema/MARC21slim.xsd"
    xmlns="http://www.loc.gov/MARC21/slim">

  <leader>01192nam a2200217 i 4500</leader>
  <controlfield tag="001">bgj</controlfield>
  <datafield tag="110" ind1="2" ind2=" ">
    <subfield code="a">Telewizja Polska.</subfield>
  </datafield>
  <datafield tag="245" ind1="0" ind2="0">
    <subfield code="a">"...swego nie znacie..." Katalog zabytk&#xF3;w :</subfield>
    <subfield code="b">telewizyjne audycje dla szk&#xF3;&#x142; podstawowych, gimnazj&#xF3;w i szk&#xF3;&#x142; ponadgimnazjalnych /</subfield>
    <subfield code="c">Telewizja Polska S. A.</subfield>
  </datafield>
  <datafield tag="260" ind1=" " ind2=" ">
    <subfield code="a">Warszawa :</subfield>
    <subfield code="b">MENiS,</subfield>
    <subfield code="c">2004.</subfield>
  </datafield>
  <datafield tag="300" ind1=" " ind2=" ">
    <subfield code="a">video cassette ;</subfield>
    <subfield code="c">185 min.</subfield>
  </datafield>
  <datafield tag="490" ind1="1" ind2=" ">
    <subfield code="a">Powszechna Wideoteka Edukacyjna</subfield>
  </datafield>
  <datafield tag="505" ind1=" " ind2=" ">
    <subfield code="a">Tematy audycji telewizyjnych: "Chotyniec", "D&#x119;bno Podhala&#x144;skie", "Gidle - Ko&#x15B;ci&#xF3;&#x142; &#x15B;w. Magdaleny", "Gosprzydowa", "Gr&#x119;bie&#x144; ko&#x142;o Wielunia", "Grywa&#x142;d", "Hacz&#xF3;w", "Harklowa", "Kad&#x142;ub ko&#x142;o Wielunia", "Kampinos", "Krempina", "Przydonica", "&#x141;aszew ko&#x142;o Wielunia", "&#x141;opuszna", "Mogi&#x142;a - Ko&#x15B;ci&#xF3;&#x142; &#x15B;w. Bart&#x142;omieja", "Mogi&#x142;a Opactwo Cysters&#xF3;w", "Mnich&#xF3;w", "Koniecpol", "Popowice ko&#x142;o Wielunia".</subfield>
  </datafield>
  <datafield tag="650" ind1=" " ind2="9">
    <subfield code="a">History of Poland</subfield>
    <subfield code="x">Video cassettes in education</subfield>
  </datafield>
  <datafield tag="650" ind1=" " ind2="9">
    <subfield code="a">History and society</subfield>
    <subfield code="x">Video cassettes in education</subfield>
  </datafield>
  <datafield tag="650" ind1=" " ind2="9">
    <subfield code="a">Regional education</subfield>
    <subfield code="x">Video cassettes in education</subfield>
  </datafield>
  <datafield tag="830" ind1=" " ind2=" ">
    <subfield code="a">Powszechna Wideoteka Edukacyjna</subfield>
  </datafield>
  <datafield tag="040" ind1=" " ind2=" ">
    <subfield code="c">BPK</subfield>
  </datafield>
  <datafield tag="041" ind1="0" ind2=" ">
    <subfield code="a">pol</subfield>
  </datafield>
  <datafield tag="942" ind1=" " ind2=" ">
    <subfield code="c">KS</subfield>
  </datafield>
  <controlfield tag="008">      s        pl     f     |000 0 pol  </controlfield>
  <datafield tag="999" ind1=" " ind2=" ">
    <subfield code="c">51004</subfield>
    <subfield code="d">51004</subfield>
  </datafield>
  <datafield tag="856" ind1=" " ind2=" ">
    <subfield code="u">http://koha.tu.koszalin.pl/cgi-bin/koha/opac-detail.pl?biblionumber=51004</subfield>
    <subfield code="y">Katalog online BPK</subfield>
  </datafield>
  <datafield tag="952" ind1=" " ind2=" ">
    <subfield code="0">0</subfield>
    <subfield code="1">0</subfield>
    <subfield code="4">0</subfield>
    <subfield code="7">0</subfield>
    <subfield code="a">BPK</subfield>
    <subfield code="b">BPK</subfield>
    <subfield code="c">kw</subfield>
    <subfield code="o">V 95</subfield>
    <subfield code="p">09051126</subfield>
    <subfield code="y">TW</subfield>
  </datafield>
</record>
